<?xml version="1.0" encoding="UTF-8"?>
<record
    xmlns:xsi="http://www.w3.org/2001/XMLSchema-instance"
    xsi:schemaLocation="http://www.loc.gov/MARC21/slim http://www.loc.gov/standards/marcxml/schema/MARC21slim.xsd"
    xmlns="http://www.loc.gov/MARC21/slim">

  <leader>00851nam a2200253   4500</leader>
  <controlfield tag="001">37534</controlfield>
  <controlfield tag="003">BD-RjUL</controlfield>
  <controlfield tag="005">20211209052623.0</controlfield>
  <controlfield tag="008">150125s1993    ii ||||| |||| 001 0 eng d</controlfield>
  <datafield tag="020" ind1=" " ind2=" ">
    <subfield code="a">8171692486</subfield>
  </datafield>
  <datafield tag="035" ind1=" " ind2=" ">
    <subfield code="a">(BD-RjUL)37638</subfield>
  </datafield>
  <datafield tag="040" ind1=" " ind2=" ">
    <subfield code="a">BD-RjUL</subfield>
    <subfield code="b">eng</subfield>
    <subfield code="c">BD-RjUL</subfield>
    <subfield code="d">BD-RjUL</subfield>
  </datafield>
  <datafield tag="041" ind1=" " ind2=" ">
    <subfield code="a">eng</subfield>
  </datafield>
  <datafield tag="082" ind1=" " ind2=" ">
    <subfield code="a">632.95091724 </subfield>
    <subfield code="2">21</subfield>
    <subfield code="b">PES 1993</subfield>
  </datafield>
  <datafield tag="245" ind1=" " ind2=" ">
    <subfield code="a">Pesticides : their ecological impact in developing countries /</subfield>
    <subfield code="c">edited by G.S. Dhaliwal, Balwinder Singh.</subfield>
  </datafield>
  <datafield tag="260" ind1=" " ind2=" ">
    <subfield code="a">New Delhi : </subfield>
    <subfield code="b">Commonwealth Publishers, </subfield>
    <subfield code="c">1993.</subfield>
  </datafield>
  <datafield tag="300" ind1=" " ind2=" ">
    <subfield code="a">389 p. : </subfield>
    <subfield code="b">ill. ;</subfield>
    <subfield code="c"> 25 cm</subfield>
  </datafield>
  <datafield tag="500" ind1=" " ind2=" ">
    <subfield code="a">Includes index.</subfield>
  </datafield>
  <datafield tag="650" ind1=" " ind2=" ">
    <subfield code="a">Pesticides </subfield>
    <subfield code="z">Developing countries.</subfield>
    <subfield code="9">115271</subfield>
  </datafield>
  <datafield tag="650" ind1=" " ind2=" ">
    <subfield code="a">Pesticides </subfield>
    <subfield code="x">Environmental aspects</subfield>
    <subfield code="z">Developing countries.</subfield>
    <subfield code="9">115272</subfield>
  </datafield>
  <datafield tag="700" ind1=" " ind2=" ">
    <subfield code="a">Dhaliwal, G.S. </subfield>
    <subfield code="9">115022</subfield>
  </datafield>
  <datafield tag="700" ind1=" " ind2=" ">
    <subfield code="a">Singh, Balwinder. </subfield>
    <subfield code="9">115273</subfield>
  </datafield>
  <datafield tag="942" ind1=" " ind2=" ">
    <subfield code="2">ddc</subfield>
    <subfield code="c">BK</subfield>
  </datafield>
  <datafield tag="999" ind1=" " ind2=" ">
    <subfield code="c">37534</subfield>
    <subfield code="d">37534</subfield>
  </datafield>
  <datafield tag="952" ind1=" " ind2=" ">
    <subfield code="0">0</subfield>
    <subfield code="1">0</subfield>
    <subfield code="2">ddc</subfield>
    <subfield code="4">0</subfield>
    <subfield code="7">1</subfield>
    <subfield code="8">NFIC</subfield>
    <subfield code="a">IBSc</subfield>
    <subfield code="b">IBSc</subfield>
    <subfield code="d">2015-01-25</subfield>
    <subfield code="l">0</subfield>
    <subfield code="o">632.95091724 PES 1993</subfield>
    <subfield code="r">2015-01-25 00:00:00</subfield>
    <subfield code="t">C-1</subfield>
    <subfield code="w">2015-01-25</subfield>
    <subfield code="y">BK</subfield>
  </datafield>
</record>
